000 00687nam a2200289Ia 4500
005 20260324125750.0
008 008 260324s9999 xx 000 0 eng d
020 _a9780203051979
037 _aEBOOK
040 _aCRL
040 _beng
040 _cCRL
041 _2eng
041 _aeng
084 _qCRL
100 _aJ. Gordon Harris
_91179230
245 0 _aBiblical Perspectives on Aging
245 0 _bGod and the Elderly, Second Edition
260 _bTaylor and Francis
260 _c2008
365 _a
365 _b220
856 _uhttp://www.taylorfrancis.com/books/9780203051979
942 _cEBOOK
999 _c1774781
_d1774781